| 000 | 00385nam a22001697a 4500 | ||
|---|---|---|---|
| 008 | 240220b |||||||| |||| 00| 0 eng d | ||
| 040 | _a30 | ||
| 082 | _a618.97 BAB | ||
| 100 | _aBABU , S . SURESH | ||
| 110 | _bAYURVEDA | ||
| 245 | _aGERIATRICS IN AYURVEDA | ||
| 250 | _a1 ST | ||
| 260 |
_aVARANASI _bCHAUKHAMBA _c2018 |
||
| 300 | _a105 | ||
| 650 | _aKAYACHIKISTA | ||
| 942 | _c01 | ||
| 999 |
_c58318 _d58318 |
||